| 000 | 00747nam a2200241 i 4500 | ||
|---|---|---|---|
| 001 | bg | ||
| 100 | 1 | _aBecker, Norbert. | |
| 245 | 1 | 0 |
_aDialog Beruf 1 : _bDeutsch als Fremdsprache für Grundstufe / _cBecker / Braunert / Eisfeld. |
| 260 |
_aIsmaning : _bMax Hueber Verl., _c2004. |
||
| 300 |
_a160 s. : _bil. ; _c28 cm. |
||
| 650 | 9 | _aJęzyk niemiecki | |
| 655 | _aPodręczniki | ||
| 700 | 1 | _aBraunert, Jörg. | |
| 700 | 1 | _aEisfeld, Karl-Heinz. | |
| 020 | _a3190015902 | ||
| 040 | _cBPK | ||
| 041 | 0 | _ager | |
| 080 | _a811.112.2(07) | ||
| 920 | _a3-19-001590-2 | ||
| 942 | _cKS | ||
| 008 | s pl f |000 0 pol | ||
| 999 |
_c45629 _d45629 |
||
| 856 |
_uhttp://koha.tu.koszalin.pl/cgi-bin/koha/opac-detail.pl?biblionumber=45629 _yKatalog online BPK |
||